000 01315nam a2200337 i 4500
001 bg
100 1 _aKNUTH, Donald Ervin
_d(1938- ).
245 1 0 _aSztuka programowania.
_nT.1,
_pAlgorytmy podstawowe /
_cDonald E. Knuth ; z ang. przeł. Grzegorz Jakacki.
246 _iTyt. oryg.:
_aThe art of computer programming. Vol. 1, Fundamental algorithms
260 _aWarszawa :
_bWydawnictwa Naukowo-Techniczne,
_c2002.
300 _aXXIII, [1], 679, [1] s. :
_bil. ;
_c25 cm.
490 1 _aKlasyka Informatyki
500 _aTyt. oryg.: "The art of computer programming. Vol. 1, Fundamental algorithms" 1997.
504 _aBibliogr. Indeks.
521 _aPodręcznik akademicki.
650 9 _aAlgorytmy
_xstosowanie
_xprogramowanie
650 9 _aProgramowanie (informat.)
655 _aPodręczniki akademickie
700 1 _aJAKACKI, Grzegorz.
_eTł.
830 _aKlasyka Informatyki
020 _a8320425409 (t. 1)
020 _a8320425395 (całość)
040 _cBPK
041 1 _apol
_heng
080 _a004.424:004.421](075.8)
920 _a83-204-2540-9 (t. 1)
920 _a83-204-2539-5 (całość)
942 _cKS
008 s pl f |000 0 pol
999 _c43216
_d43216
856 _uhttp://koha.tu.koszalin.pl/cgi-bin/koha/opac-detail.pl?biblionumber=43216
_yKatalog online BPK